| 000 | 00495nam a22001817a 4500 | ||
|---|---|---|---|
| 003 | CEME | ||
| 005 | 20210628203130.0 | ||
| 008 | 210118b xxu||||| |||| 00| 0 eng d | ||
| 020 | _a0-07-049919-5 | ||
| 040 | _cceme | ||
| 082 | _a621.382 TEL | ||
| 100 |
_aHill Associates _963500 |
||
| 245 | _aTelecommunications , a beginner's guide | ||
| 260 |
_aNEW DELHI _bTATA MCGRAW HILL _c2002 |
||
| 300 | _aXVII,518 P | ||
| 650 |
_aTELECOMMUNICATIONS - A BEGINNER'S GUIDE. _963501 |
||
| 942 |
_cBK _2ddc |
||
| 999 |
_c572304 _d572304 |
||